<?xml version="1.0" encoding="UTF-8"?>
<collection xmlns="http://www.loc.gov/MARC21/slim">
 <record>
  <leader>01515nam a22002417a 4500</leader>
  <controlfield tag="001">NCT_69626</controlfield>
  <controlfield tag="008">190913b        xxu||||| |||| 00| 0 vie d</controlfield>
  <datafield tag="999" ind1=" " ind2=" ">
   <subfield code="c">3378</subfield>
   <subfield code="d">3378</subfield>
  </datafield>
  <datafield tag="020" ind1=" " ind2=" ">
   <subfield code="a">9786046916642</subfield>
   <subfield code="c">120000</subfield>
  </datafield>
  <datafield tag="082" ind1="0" ind2="4">
   <subfield code="2">23rd ed.</subfield>
   <subfield code="a">823.7</subfield>
   <subfield code="b">S425</subfield>
  </datafield>
  <datafield tag="100" ind1="1" ind2=" ">
   <subfield code="a">Scott, Walter</subfield>
  </datafield>
  <datafield tag="245" ind1="1" ind2="0">
   <subfield code="a">Ivanhoe </subfield>
   <subfield code="c">Walter Scott ; Trần Kiêm (dịch) ; E. Boyd Smith (minh họa)</subfield>
  </datafield>
  <datafield tag="260" ind1=" " ind2=" ">
   <subfield code="a">H.</subfield>
   <subfield code="b">Văn học</subfield>
   <subfield code="c">2015</subfield>
  </datafield>
  <datafield tag="300" ind1=" " ind2=" ">
   <subfield code="a">581 tr.</subfield>
   <subfield code="b">minh họa</subfield>
   <subfield code="c">24cm</subfield>
  </datafield>
  <datafield tag="500" ind1=" " ind2=" ">
   <subfield code="a">Dịch từ nguyên bản tiếng Anh</subfield>
  </datafield>
  <datafield tag="520" ind1="3" ind2=" ">
   <subfield code="a">Ivanhoe là tiểu thuyết nổi tiếng nhất của văn hào Walter Scott. Truyện lấy bối cảnh nước Anh thế kỉ Xii, một thời kì loạn lạc với những mâu thuẫn sâu sắc về văn hóa, tín ngưỡng, ngôn ngữ và lối sống. Tác phẩm đề cao tinh thần yêu nước, lòng tự hào dân tộc và tinh thần thượng võ cao quý của người Anh thời Trung cổ. </subfield>
  </datafield>
  <datafield tag="653" ind1=" " ind2=" ">
   <subfield code="a">Sách tham khảo</subfield>
  </datafield>
  <datafield tag="700" ind1="1" ind2=" ">
   <subfield code="a">Trần Kiêm</subfield>
   <subfield code="e">Dịch</subfield>
  </datafield>
  <datafield tag="700" ind1="1" ind2=" ">
   <subfield code="a">Smith, E. Boyd</subfield>
   <subfield code="e">Minh họa</subfield>
  </datafield>
  <datafield tag="942" ind1=" " ind2=" ">
   <subfield code="2">ddc</subfield>
   <subfield code="c">BK</subfield>
  </datafield>
  <datafield tag="952" ind1=" " ind2=" ">
   <subfield code="0">0</subfield>
   <subfield code="1">0</subfield>
   <subfield code="2">ddc</subfield>
   <subfield code="4">0</subfield>
   <subfield code="6">823_700000000000000_S425</subfield>
   <subfield code="7">0</subfield>
   <subfield code="9">17886</subfield>
   <subfield code="a">000001</subfield>
   <subfield code="b">000001</subfield>
   <subfield code="d">2019-09-13</subfield>
   <subfield code="o">823.7 S425</subfield>
   <subfield code="p">TK.00539</subfield>
   <subfield code="r">2019-09-13</subfield>
   <subfield code="v">120000.00</subfield>
   <subfield code="w">2019-09-13</subfield>
   <subfield code="y">BK</subfield>
  </datafield>
  <datafield tag="952" ind1=" " ind2=" ">
   <subfield code="0">0</subfield>
   <subfield code="1">0</subfield>
   <subfield code="2">ddc</subfield>
   <subfield code="4">0</subfield>
   <subfield code="6">823_700000000000000_S425</subfield>
   <subfield code="7">0</subfield>
   <subfield code="9">17887</subfield>
   <subfield code="a">000001</subfield>
   <subfield code="b">000001</subfield>
   <subfield code="d">2019-09-13</subfield>
   <subfield code="o">823.7 S425</subfield>
   <subfield code="p">TK.00540</subfield>
   <subfield code="r">2019-09-13</subfield>
   <subfield code="v">120000.00</subfield>
   <subfield code="w">2019-09-13</subfield>
   <subfield code="y">BK</subfield>
  </datafield>
  <datafield tag="980" ind1=" " ind2=" ">
   <subfield code="a">Thư viện Trường Đại học Nam Cần Thơ</subfield>
  </datafield>
 </record>
</collection>
